[Event "15. Bayer Open"]
[Site "Leverkusen"]
[Date "2017.04.03"]
[Round "7.4"]
[White "Auer, Martin"]
[Black "Werbeck, Torsten"]
[Result "1/2-1/2"]
[WhiteElo "2167"]
[BlackElo "2051"]
[PlyCount "46"]
[EventDate "2017.??.??"]
[WhiteTeam "Bahn-SC Wuppertal"]
[BlackTeam "Bahn-SC Wuppertal"]

1. d4 Nf6 2. c4 g6 3. Nf3 Bg7 4. g3 O-O 5. Bg2 c5 6. O-O cxd4 7. Nxd4 Nc6 8.
Nc3 Nxd4 9. Qxd4 d6 10. Qd3 a6 11. Bd2 Rb8 12. Rac1 b5 13. cxb5 axb5 14. Nxb5
Bf5 15. e4 Nxe4 16. Bxe4 Bxe4 17. Qxe4 Rxb5 18. b4 Qa8 19. Qc6 Qa4 20. Rc2 Rfb8
21. Rfc1 Bf8 22. Qf3 Ra8 23. Qd3 Rbb8 1/2-1/2

[Event "15. Bayer Open"]
[Site "Leverkusen"]
[Date "2017.04.03"]
[Round "7.5"]
[White "Kesseler, Heiko"]
[Black "Mohaupt, Sascha"]
[Result "0-1"]
[WhiteElo "2099"]
[BlackElo "2145"]
[PlyCount "84"]
[EventDate "2017.??.??"]
[WhiteTeam "Düsseldorfer SK"]
[BlackTeam "SV Wermelskirchen"]

1. e4 d6 2. d4 Nf6 3. Nc3 e5 4. Nf3 Nbd7 5. dxe5 dxe5 6. Bc4 Bb4 7. O-O O-O 8.
Nd5 Nxd5 9. Qxd5 c6 10. Qd3 Qe7 11. Bg5 Qd6 12. Qxd6 Bxd6 13. Rad1 Bc7 14. Be7
Re8 15. Bd6 Bxd6 16. Rxd6 h6 17. Rfd1 Nc5 18. Rd8 Be6 19. Rxa8 Rxa8 20. Bxe6
fxe6 21. Nxe5 Nxe4 22. f3 Nf6 23. Nd7 Kf7 24. Nxf6 Kxf6 25. Rd7 Rb8 26. Kf2 a6
27. Rc7 g6 28. Ke3 h5 29. Rd7 c5 30. Rc7 b6 31. Ra7 a5 32. Rc7 Rd8 33. Rc6 Rd1
34. Rxb6 Rg1 35. Kf2 Rc1 36. c3 h4 37. g4 Rc2+ 38. Ke3 Rxh2 39. f4 Rg2 40. Rb5
Rxg4 41. Rb8 h3 42. Kf3 Rh4 0-1

[Event "15. Bayer Open"]
[Site "Leverkusen"]
[Date "2017.04.03"]
[Round "7.6"]
[White "Heller, Achim"]
[Black "Claßen, Harald"]
[Result "1-0"]
[WhiteElo "2055"]
[BlackElo "1992"]
[PlyCount "65"]
[EventDate "2017.??.??"]
[WhiteTeam "SG Ennepe-Ruhr-Süd"]
[BlackTeam "SC Bayer Leverkusen"]

1. d4 d5 2. c4 dxc4 3. Nf3 Nf6 4. e3 Bg4 5. Bxc4 e6 6. h3 Bh5 7. O-O a6 8. Nc3
Nc6 9. Re1 Bd6 10. g4 Bg6 11. e4 Be7 12. a3 O-O 13. d5 exd5 14. exd5 Na5 15.
Ba2 c5 16. Bf4 Bd6 17. Qd2 c4 18. Ne5 Rc8 19. Rad1 Nb3 20. Bxb3 cxb3 21. Nxg6
hxg6 22. Bxd6 Qxd6 23. Qd3 Rfd8 24. Ne4 Nxe4 25. Rxe4 Rc5 26. Rd4 Rc2 27. Qxb3
Rxf2 28. Kxf2 Qh2+ 29. Kf1 Qh1+ 30. Ke2 Qg2+ 31. Kd3 Re8 32. Rd2 Re3+ 33. Kc2
1-0

[Event "15. Bayer Open"]
[Site "Leverkusen"]
[Date "2017.04.03"]
[Round "7.7"]
[White "Wille, Thomas"]
[Black "Scharff, Klaus"]
[Result "1/2-1/2"]
[WhiteElo "2013"]
[BlackElo "1880"]
[PlyCount "121"]
[EventDate "2017.??.??"]
[WhiteTeam "Velberter SG"]
[BlackTeam "SV Opladen"]

1. c4 e6 2. g3 g6 3. Bg2 Bg7 4. Nc3 Ne7 5. d4 d5 6. e3 O-O 7. c5 Nbc6 8. f4 b6
9. cxb6 axb6 10. Bf1 Ba6 11. Nf3 Bxf1 12. Kxf1 f6 13. Kg2 e5 14. Rf1 Qd7 15.
Rf2 h6 16. a3 g5 17. Ne2 Rae8 18. Bd2 exf4 19. exf4 Nf5 20. Qa4 Qe6 21. h3 Na5
22. g4 Ne3+ 23. Bxe3 Qxe3 24. Re1 Qb3 25. Qd7 Rd8 26. Qxc7 Rde8 27. Qd7 Rd8 28.
Qe6+ Kh8 29. Nc1 Qb5 30. Qe2 Qd7 31. b3 Rde8 32. Qd3 Rxe1 33. Nxe1 f5 34. gxf5
Rxf5 35. fxg5 Rxg5+ 36. Kh1 Nc6 37. Ne2 Qe6 38. Ng2 Qd6 39. b4 Rh5 40. Ngf4 Rg5
41. Ng2 Qd7 42. Qe3 Kg8 43. Ngf4 Nd8 44. Rg2 Qf7 45. Rg4 Qf6 46. Kg2 Qf7 47.
Ng3 Nc6 48. Ne6 Rg6 49. Rxg6 Qxg6 50. Nxg7 Kxg7 51. b5 Nd8 52. Qe5+ Kh7 53. Qf5
Ne6 54. Qxg6+ Kxg6 55. Ne2 Kf5 56. Kf3 Ng5+ 57. Ke3 Nxh3 58. Nc3 Ke6 59. Ne2
Kd6 60. a4 Ng5 61. Nc1 1/2-1/2

[Event "15. Bayer Open"]
[Site "Leverkusen"]
[Date "2017.04.03"]
[Round "7.8"]
[White "Rotstein, Jefim"]
[Black "Beyer, Fabian"]
[Result "1-0"]
[WhiteElo "2241"]
[BlackElo "1694"]
[PlyCount "59"]
[EventDate "2017.??.??"]
[WhiteTeam "SC Tornado Hochneukirch"]
[BlackTeam "SG Solingen"]

1. f4 d5 2. Nf3 c5 3. e3 a6 4. c4 Nf6 5. cxd5 Nxd5 6. Nc3 Nc6 7. Nxd5 Qxd5 8.
b3 Bg4 9. Bc4 Qh5 10. O-O e6 11. Bb2 Rg8 12. Be2 Be7 13. h3 Bxh3 14. Ng5 Qh4
15. Nxh3 Bf6 16. Bxf6 gxf6 17. Rf3 e5 18. Nf2 Qh6 19. Rh3 Qg7 20. Bf3 Rc8 21.
Ne4 Ke7 22. f5 b6 23. Qe2 Nb8 24. Rc1 Rgd8 25. d4 cxd4 26. Rxc8 Rxc8 27. exd4
Kf8 28. dxe5 fxe5 29. Qd2 Kg8 30. Rg3 1-0

[Event "15. Bayer Open"]
[Site "Leverkusen"]
[Date "2017.04.03"]
[Round "7.9"]
[White "Birnkott, Manfred"]
[Black "Khanukov, Boris"]
[Result "0-1"]
[WhiteElo "1845"]
[BlackElo "2249"]
[Annotator "Birnkott,Manfred"]
[PlyCount "98"]
[EventDate "2017.??.??"]
[WhiteTeam "SC Bayer Leverkusen"]
[BlackTeam "Bahn-SC Wuppertal"]

1. e4 c5 2. Nf3 Nc6 3. d4 cxd4 4. Nxd4 Nf6 5. Nc3 d6 6. Be2 g6 7. Be3 Bg7 8. f3
O-O 9. Qd2 a6 10. O-O Nxd4 11. Bxd4 b5 12. Nd5 Nxd5 13. Bxg7 Kxg7 14. exd5 Qb6+
15. Kh1 Qc5 16. b4 Qb6 17. a4 Bd7 18. a5 Qc7 19. Rac1 Qb7 20. Rfe1 Rfc8 21.
Qd4+ f6 22. c4 bxc4 23. Bxc4 Be8 24. Ba2 Rxc1 25. Rxc1 Rb8 26. Qe4 Qxb4 27.
Qxe7+ Bf7 28. Qc7 Rb5 29. h3 Rxa5 30. Rb1 Qc5 31. Qxc5 Rxc5 32. Rb6 Bxd5 33.
Bxd5 Rxd5 34. Rxa6 g5 35. Kg1 h5 36. Ra2 h4 37. Kf2 Kg6 38. g4 hxg3+ 39. Kxg3
Rd4 40. Re2 Kf5 41. Re8 Rd3 42. Ra8 Re3 43. Rd8 Re6 44. Rh8 d5 45. h4 gxh4+ 46.
Rxh4 Ke5 47. Ra4 Rc6 48. f4+ Kf5 49. Ra5 Rc3+ 0-1

[Event "15. Bayer Open"]
[Site "Leverkusen"]
[Date "2017.04.03"]
[Round "7.10"]
[White "Schalow, Daniel"]
[Black "Ziabari, Morteza"]
[Result "1-0"]
[WhiteElo "2044"]
[BlackElo "1813"]
[PlyCount "109"]
[EventDate "2017.??.??"]
[WhiteTeam "Langenfelder SF"]
[BlackTeam "Kettwiger SG"]

1. d4 Nf6 2. Bg5 d5 3. e3 Ne4 4. Bf4 g5 5. Bg3 h5 6. f3 h4 7. Be5 Nf6 8. Nc3
Nbd7 9. Nh3 Nxe5 10. dxe5 Bxh3 11. gxh3 Nh5 12. Qxd5 Qxd5 13. Nxd5 O-O-O 14.
Rd1 c6 15. Nb4 Bh6 16. Rxd8+ Rxd8 17. Nd3 Ng7 18. Nf2 Ne6 19. Ng4 Bg7 20. Bc4
Nc7 21. Ke2 Nd5 22. c3 a5 23. Rd1 a4 24. a3 e6 25. Bxd5 exd5 26. f4 Re8 27.
fxg5 Bxe5 28. Rf1 Re7 29. Nh6 d4 30. cxd4 Bxh2 31. Rxf7 Re6 32. Nf5 Bg1 33. g6
Bxe3 34. Nxe3 Rxg6 35. Rh7 Rg1 36. Rxh4 b5 37. Rh7 Rh1 38. Kd2 Rh2+ 39. Kc3 Re2
40. Ng4 Rg2 41. Ne5 Rg3+ 42. Kb4 Rb3+ 43. Kc5 Rxb2 44. Kxc6 Kd8 45. Nf7+ Ke8
46. Nd6+ Kd8 47. Nxb5 Rc2+ 48. Kb6 Rg2 49. d5 Rg6+ 50. d6 Kc8 51. Ka5 Rg5 52.
Kxa4 Rd5 53. Ka5 Kb8 54. Kb6 Kc8 55. Kc6 1-0

[Event "15. Bayer Open"]
[Site "Leverkusen"]
[Date "2017.04.03"]
[Round "7.11"]
[White "Wirtz, Uwe"]
[Black "Esser, Michael"]
[Result "1/2-1/2"]
[WhiteElo "1842"]
[BlackElo "1993"]
[PlyCount "60"]
[EventDate "2017.??.??"]
[WhiteTeam "Königsspringer Leverkusen"]
[BlackTeam "SC Bayer Leverkusen"]

1. e4 Nf6 2. e5 Nd5 3. d4 d6 4. c4 Nb6 5. f4 dxe5 6. fxe5 Bf5 7. Be3 Nc6 8. Nc3
e6 9. Nf3 Be7 10. Rc1 O-O 11. Be2 f6 12. exf6 Bxf6 13. O-O Qe7 14. d5 Rad8 15.
Qb3 Nb8 16. Nd4 Bxd4 17. Bxd4 exd5 18. cxd5 Kh8 19. Bf3 Qg5 20. Ne4 Bxe4 21.
Bxe4 Na6 22. d6 cxd6 23. Bxb7 Nc5 24. Bxc5 dxc5 25. Qb5 Qe3+ 26. Kh1 Rxf1+ 27.
Qxf1 h6 28. h3 Rb8 29. Re1 Qg5 30. Qf7 Qf6 1/2-1/2

[Event "15. Bayer Open"]
[Site "Leverkusen"]
[Date "2017.04.03"]
[Round "7.14"]
[White "Pyrowicz, Jacek"]
[Black "Reinemer, Frank"]
[Result "1-0"]
[WhiteElo "1726"]
[BlackElo "2093"]
[PlyCount "55"]
[EventDate "2017.??.??"]
[WhiteTeam "SV Wermelskirchen"]
[BlackTeam "Langenfelder SF"]

1. d4 c5 2. d5 e5 3. Nc3 d6 4. e4 g6 5. Bd3 Bg7 6. Nge2 Ne7 7. O-O O-O 8. f4 f5
9. fxe5 Bxe5 10. Bh6 Rf7 11. Qd2 Qa5 12. Rf3 c4 13. b4 Qxb4 14. Raf1 cxd3 15.
cxd3 Na6 16. g4 f4 17. h3 Bd7 18. Rb1 Bxc3 19. Nxc3 Qd4+ 20. Kg2 Nc5 21. Bxf4
Raf8 22. Ne2 Qa4 23. Rbf1 Nc8 24. Qc3 Qxa2 25. R1f2 Qb3 26. Qd4 Qb6 27. Bh6
Nxd3 28. Qg7+ 1-0

[Event "15. Bayer Open"]
[Site "Leverkusen"]
[Date "2017.04.03"]
[Round "7.17"]
[White "Gülsen, Taylan"]
[Black "Kaspar, Uwe"]
[Result "1-0"]
[WhiteElo "2040"]
[BlackElo "1835"]
[PlyCount "95"]
[EventDate "2017.??.??"]
[WhiteTeam "SG Niederkassel"]
[BlackTeam "Düsseldorfer SK"]

1. e4 e5 2. d4 exd4 3. c3 d5 4. exd5 Qxd5 5. Nf3 Bg4 6. Be2 Nc6 7. cxd4 O-O-O
8. Nc3 Bb4 9. O-O Qh5 10. h3 Bxh3 11. Ne5 Qxe5 12. dxe5 Rxd1 13. Rxd1 Be6 14.
Nd5 Bc5 15. Bf4 Nd4 16. Nc3 Nxe2+ 17. Nxe2 Ne7 18. Rac1 Bb6 19. b3 Ng6 20. Kf1
Re8 21. Bg3 Bg4 22. f3 Bh5 23. Nf4 Nxf4 24. Bxf4 c6 25. b4 g5 26. Bg3 Bc7 27.
b5 Re6 28. bxc6 bxc6 29. Rc5 Bg6 30. a4 f5 31. f4 gxf4 32. Bxf4 Bb6 33. Rc3 Be8
34. Rd6 Rxd6 35. exd6 Kd7 36. Rh3 Bg6 37. Rc3 Bf7 38. Rh3 Bg6 39. Rb3 Bf7 40.
Rg3 Bg6 41. Ra3 Bf7 42. a5 Bc5 43. Rh3 Bg6 44. Rc3 Bd4 45. Rb3 Kc8 46. a6 Be8
47. Rb7 Bb6 48. d7+ 1-0

[Event "15. Bayer Open"]
[Site "Leverkusen"]
[Date "2017.04.03"]
[Round "7.18"]
[White "Alexopoulos, Spiros Orestis"]
[Black "Kies, Werner"]
[Result "0-1"]
[WhiteElo "1896"]
[BlackElo "1862"]
[PlyCount "50"]
[EventDate "2017.??.??"]
[WhiteTeam "Aachener SV"]
[BlackTeam "SC Bayer Leverkusen"]

1. e4 c5 2. Nf3 a6 3. d4 cxd4 4. Nxd4 Nf6 5. e5 Qa5+ 6. Nc3 Qxe5+ 7. Be2 e6 8.
f4 Qc7 9. a3 Nc6 10. Nb3 d5 11. Be3 g6 12. g4 h5 13. g5 Nd7 14. f5 Nde5 15.
fxg6 fxg6 16. Rf1 Bd7 17. Na4 b5 18. Nb6 Rd8 19. Nd4 Bg7 20. b3 Ne7 21. Qd2 Qd6
22. Nxd7 Rxd7 23. Ra2 N5c6 24. Nxc6 Qxc6 25. Bd3 Bc3 0-1

[Event "15. Bayer Open"]
[Site "Leverkusen"]
[Date "2017.04.03"]
[Round "7.19"]
[White "Hoffmann, Michael"]
[Black "Arlt, Klaus"]
[Result "1/2-1/2"]
[WhiteElo "1682"]
[BlackElo "1997"]
[PlyCount "71"]
[EventDate "2017.??.??"]
[WhiteTeam "SG Neuss"]
[BlackTeam "Ford SF Köln"]

1. c4 c6 2. Nf3 d5 3. e3 Nf6 4. Nc3 e6 5. b3 Nbd7 6. Qc2 Bd6 7. Bb2 Qe7 8. Be2
O-O 9. d4 dxc4 10. Bxc4 e5 11. dxe5 Nxe5 12. Be2 Nfg4 13. h3 Nxf3+ 14. gxf3
Nxf2 15. Rg1 g6 16. Rg2 Bxh3 17. Rxf2 Bg3 18. Ne4 Bh4 19. Qc3 f6 20. Bc4+ Kg7
21. O-O-O Bxf2 22. Nxf2 Bf5 23. e4 Be6 24. Bxe6 Qxe6 25. Ng4 Rad8 26. Rxd8 Rxd8
27. Nxf6 Kf7 28. Nxh7 Ke8 29. Qh8+ Kd7 30. Nf8+ Rxf8 31. Qxf8 Kc7 32. Qg7+ Kb6
33. Qd4+ Kc7 34. Qg7+ Kb6 35. Qd4+ Kc7 36. Qg7+ 1/2-1/2

[Event "15. Bayer Open"]
[Site "Leverkusen"]
[Date "2017.04.03"]
[Round "7.20"]
[White "Reuter, Michael"]
[Black "Pützkaul, Karl"]
[Result "1-0"]
[WhiteElo "2030"]
[BlackElo "1687"]
[PlyCount "113"]
[EventDate "2017.??.??"]
[WhiteTeam "Langenfelder SF"]
[BlackTeam "SC Bayer Leverkusen"]

1. d4 e6 2. Nf3 f5 3. c4 Nf6 4. Nc3 Bb4 5. Bd2 O-O 6. g3 b6 7. Bg2 Bb7 8. a3
Bxc3 9. Bxc3 Ne4 10. Qc2 Nxc3 11. Qxc3 d6 12. O-O Qe7 13. Rac1 Nd7 14. b4 a5
15. Rfd1 Be4 16. Ne1 Bxg2 17. Nxg2 axb4 18. axb4 Ra4 19. Ra1 Rfa8 20. Rxa4 Rxa4
21. Ra1 Rxa1+ 22. Qxa1 e5 23. Ne3 Qe6 24. Qa8+ Nf8 25. dxe5 Qxe5 26. Qd5+ Qxd5
27. Nxd5 Ne6 28. Ne7+ Kf7 29. Nxf5 g6 30. Ne3 c6 31. Nc2 Kf6 32. e3 Ke5 33. Kf1
c5 34. bxc5 bxc5 35. Ke2 d5 36. Na3 dxc4 37. Nxc4+ Kd5 38. Kd3 Ng5 39. f4 Ne6
40. g4 Nf8 41. e4+ Ke6 42. Nd2 Nd7 43. Nf3 h6 44. f5+ gxf5 45. gxf5+ Kd6 46. h3
Nf8 47. Kc4 Nd7 48. Kb5 Nf8 49. Nd2 Nd7 50. Nc4+ Ke7 51. Kc6 h5 52. h4 Nf6 53.
e5 Ng4 54. Kd5 Nh6 55. Nd6 c4 56. f6+ Kd7 57. e6+ 1-0

[Event "15. Bayer Open"]
[Site "Leverkusen"]
[Date "2017.04.03"]
[Round "7.21"]
[White "Schmuck, Markus"]
[Black "Schimpf, Rolf"]
[Result "1-0"]
[WhiteElo "1910"]
[BlackElo "1679"]
[PlyCount "135"]
[EventDate "2017.??.??"]
[WhiteTeam "SG Solingen"]
[BlackTeam "SC Bayer Leverkusen"]

1. d4 Nf6 2. Bf4 b6 3. Nf3 Bb7 4. e3 e6 5. Bd3 Be7 6. Nbd2 O-O 7. Qe2 d5 8. Ne5
c5 9. c3 cxd4 10. exd4 Nc6 11. O-O g6 12. Bb5 Nxe5 13. dxe5 Nd7 14. Rad1 a6 15.
Ba4 Nc5 16. Bc2 Bg5 17. Bg3 Qc7 18. Nf3 Be7 19. h4 a5 20. Qe3 Ba6 21. Rfe1 Kg7
22. Bf4 Rfe8 23. Bh6+ Kg8 24. Qf4 Bf8 25. Bg5 Bg7 26. h5 Nd7 27. Bd3 Bxd3 28.
Rxd3 Nc5 29. Rde3 Ne4 30. Bh6 f5 31. exf6 Qxf4 32. Bxf4 Bxf6 33. hxg6 hxg6 34.
Be5 Kf7 35. Bc7 b5 36. Ne5+ Bxe5 37. Bxe5 Ke7 38. Rh3 Rf8 39. f3 Ng5 40. Rg3
Rf5 41. Rg4 Nf7 42. Bd4 g5 43. Bc5+ Kf6 44. a4 bxa4 45. Rxa4 Rf4 46. b4 Rc4 47.
Rea1 e5 48. Rxa5 Rxa5 49. Rxa5 Rxc3 50. Ra6+ Kg7 51. Ra7 Rb3 52. Rb7 d4 53. b5
d3 54. Kf2 Kg6 55. Rb6+ Kg7 56. Be7 Rb2+ 57. Ke3 Rxg2 58. Kxd3 g4 59. Bf6+ Kh7
60. fxg4 Rxg4 61. Re6 Rb4 62. b6 Rb1 63. Kc4 e4 64. Kc5 Kg6 65. Be7+ Kg7 66.
Rxe4 Kg6 67. Re6+ Kg7 68. Kc6 1-0

[Event "15. Bayer Open"]
[Site "Leverkusen"]
[Date "2017.04.03"]
[Round "7.22"]
[White "Asadzade, Idris"]
[Black "Negele, Michael"]
[Result "1/2-1/2"]
[WhiteElo "1770"]
[BlackElo "2137"]
[PlyCount "81"]
[EventDate "2017.??.??"]
[WhiteTeam "Königsspringer Leverkusen"]
[BlackTeam "SC Bayer Leverkusen"]

1. c4 e5 2. g3 Nf6 3. Bg2 c6 4. Nc3 d5 5. cxd5 cxd5 6. d4 exd4 7. Qxd4 Nc6 8.
Qd1 d4 9. Ne4 Nxe4 10. Bxe4 Bf5 11. Bxc6+ bxc6 12. Nf3 Be4 13. O-O Bxf3 14.
exf3 Be7 15. Qa4 Qd7 16. Bf4 O-O 17. Rac1 Rac8 18. Rfd1 Bf6 19. Be3 Rfd8 20.
Rc4 Qf5 21. Bxd4 Qxf3 22. Re1 Re8 23. Re3 Rxe3 24. Bxe3 Rd8 25. Rc1 h5 26. Re1
Bxb2 27. Qxa7 h4 28. Qc7 Bf6 29. Qf4 Qd5 30. gxh4 Qxa2 31. Qg4 Qa5 32. Rc1 Rd6
33. Qe4 Re6 34. Qf3 Qa4 35. h5 Qh4 36. Rxc6 Rxc6 37. Qxc6 Qxh5 38. Qe4 Be5 39.
Qa8+ Kh7 40. Qe4+ g6 41. h3 1/2-1/2

[Event "15. Bayer Open"]
[Site "Leverkusen"]
[Date "2017.04.03"]
[Round "7.24"]
[White "ter Steeg, Marcus"]
[Black "Axmann, Michael"]
[Result "1-0"]
[WhiteElo "2074"]
[BlackElo "1701"]
[PlyCount "105"]
[EventDate "2017.??.??"]
[WhiteTeam "SF Essen-Werden"]
[BlackTeam "SC Bayer Leverkusen"]

1. d4 d5 2. c4 e6 3. Nc3 c6 4. e4 dxe4 5. Nxe4 Nf6 6. Nc3 Nbd7 7. Nf3 Be7 8.
Bf4 O-O 9. Be2 Nh5 10. Be3 g6 11. O-O Qc7 12. d5 Ndf6 13. dxe6 Bxe6 14. Nd4 Bc8
15. Re1 Rd8 16. Qc2 Bd6 17. h3 Bh2+ 18. Kh1 Bf4 19. Bf3 Bxe3 20. fxe3 c5 21.
Nde2 Re8 22. e4 Ng3+ 23. Kg1 Nfh5 24. Nd5 Qe5 25. Nxg3 Nxg3 26. Qc3 Qxc3 27.
bxc3 Re5 28. Kf2 Nh5 29. g4 Ng7 30. Nf6+ Kh8 31. Rad1 Be6 32. Nd7 Bxd7 33. Rxd7
Kg8 34. Rxb7 Ne6 35. h4 h6 36. Rd1 Nf8 37. Rd5 f6 38. Rc7 Ne6 39. Re7 Nf4 40.
Rexe5 fxe5 41. Rd7 g5 42. h5 a5 43. Kg3 Ra6 44. Bd1 a4 45. Re7 Re6 46. Rc7 Rd6
47. Bxa4 Rd3+ 48. Kh2 Rd2+ 49. Kg1 Rxa2 50. Bd7 Nd3 51. Be6+ Kf8 52. Rf7+ Ke8
53. Rh7 1-0

[Event "15. Bayer Open"]
[Site "Leverkusen"]
[Date "2017.04.03"]
[Round "7.25"]
[White "Riesen, Peter"]
[Black "Hennig, Edgar Paul"]
[Result "1/2-1/2"]
[WhiteElo "1670"]
[BlackElo "1849"]
[PlyCount "88"]
[EventDate "2017.??.??"]
[WhiteTeam "Klub Kölner SF"]
[BlackTeam "Satranç Club"]

1. e4 e5 2. Nf3 Nc6 3. Bc4 Bc5 4. c3 Nf6 5. d3 a6 6. Bb3 d6 7. Nbd2 Ba7 8. Nf1
h6 9. Be3 O-O 10. h3 d5 11. Bxa7 Rxa7 12. Ng3 Be6 13. O-O Re8 14. Re1 Ra8 15.
a4 dxe4 16. dxe4 Qxd1 17. Bxd1 Rad8 18. Bc2 Rd7 19. Rad1 Red8 20. Rxd7 Rxd7 21.
Rd1 a5 22. Kf1 Rxd1+ 23. Bxd1 Kf8 24. Ke2 Nd7 25. Nd2 g6 26. Ngf1 Nf6 27. Ne3
Nh5 28. Bc2 Ke7 29. h4 b6 30. g3 Nb8 31. b3 Nd7 32. Nd5+ Kd8 33. b4 c6 34. Ne3
axb4 35. cxb4 Kc7 36. Kd3 c5 37. b5 Nhf6 38. Ndc4 Ne8 39. f3 Nd6 40. Nxd6 Kxd6
41. Nc4+ Kc7 42. Bb3 f6 43. Nd2 Bxb3 44. Nxb3 Nf8 1/2-1/2

[Event "15. Bayer Open"]
[Site "Leverkusen"]
[Date "2017.04.03"]
[Round "7.27"]
[White "Jiritschka, Wolfgang"]
[Black "Liebsch, Ulrich"]
[Result "1/2-1/2"]
[WhiteElo "1811"]
[BlackElo "1687"]
[PlyCount "84"]
[EventDate "2017.??.??"]
[WhiteTeam "SC Bayer Leverkusen"]
[BlackTeam "SC Bayer Leverkusen"]

1. c4 c5 2. Nc3 Nc6 3. g3 g6 4. Bg2 Bg7 5. Nf3 e5 6. d3 Nf6 7. h3 d6 8. O-O O-O
9. Kh2 Re8 10. Bg5 h6 11. Bxf6 Bxf6 12. Nd5 Bg7 13. Rb1 Be6 14. Nc3 Qd7 15. a3
a5 16. e3 f5 17. Ne1 Kh7 18. Bd5 Ne7 19. Bxe6 Qxe6 20. Nb5 Rec8 21. Qc2 Ra6 22.
Ng2 d5 23. b3 Qc6 24. f3 Rd8 25. Rbd1 Raa8 26. a4 Rd7 27. e4 dxc4 28. dxc4 Rad8
29. Ne3 Rxd1 30. Rxd1 Rxd1 31. Nxd1 Qd7 32. Ne3 Nc6 33. exf5 Nd4 34. fxg6+ Kg8
35. Nxd4 exd4 36. Nd5 Qe6 37. Qe4 Qxe4 38. fxe4 Be5 39. Kg2 Kg7 40. Nf4 Bxf4
41. gxf4 Kxg6 42. Kf3 Kf6 1/2-1/2

[Event "15. Bayer Open"]
[Site "Leverkusen"]
[Date "2017.04.03"]
[Round "7.29"]
[White "Becker, Johann"]
[Black "Blumenthal, Ralf"]
[Result "0-1"]
[WhiteElo "1551"]
[BlackElo "1779"]
[PlyCount "76"]
[EventDate "2017.??.??"]
[WhiteTeam "TV Witzhelden"]
[BlackTeam "SK Turm Euskirchen"]

1. e4 c5 2. Nf3 e6 3. Nc3 a6 4. d4 cxd4 5. Nxd4 Qc7 6. Be3 Nf6 7. a3 Nc6 8.
Nxc6 bxc6 9. Be2 Rb8 10. Rb1 d5 11. exd5 cxd5 12. O-O Bd6 13. g3 O-O 14. f4 Bb7
15. Bd4 Nd7 16. Bf3 Nb6 17. Bxb6 Qxb6+ 18. Kg2 Qc7 19. Ne2 Bc5 20. Nd4 Bxd4 21.
Qxd4 Qxc2+ 22. Kg1 Qc7 23. Rfc1 Qd6 24. Rc3 f6 25. Bg2 e5 26. Qd3 Rbd8 27. fxe5
fxe5 28. Rd1 Qb6+ 29. Kh1 Rf2 30. Rc2 Rxc2 31. Qxc2 Rf8 32. Qd2 e4 33. b4 Rf2
34. Qc1 h6 35. Qc3 Qf6 36. Qxf6 Rxf6 37. Rc1 Rc6 38. Rd1 Rc3 0-1

[Event "15. Bayer Open"]
[Site "Leverkusen"]
[Date "2017.04.03"]
[Round "7.30"]
[White "Multhauf, Stefan"]
[Black "Hansel, Rainer"]
[Result "1-0"]
[WhiteElo "1661"]
[BlackElo "1906"]
[PlyCount "111"]
[EventDate "2017.??.??"]
[WhiteTeam "Königsspringer Leverkusen"]
[BlackTeam "SF Köln-Longerich"]

1. d4 d5 2. Bf4 Nf6 3. e3 c5 4. Nf3 Nc6 5. c3 Qb6 6. Na3 c4 7. b4 Nxb4 8. Qa4+
Bd7 9. Qxb4 Qxb4 10. cxb4 e5 11. dxe5 Bxb4+ 12. Ke2 Ne4 13. Nc2 Nc3+ 14. Kd2
Nxa2+ 15. Nxb4 Nxb4 16. Kc3 a5 17. Be2 Ke7 18. Nd4 Nc6 19. Bf3 Nxd4 20. Kxd4
Be6 21. Rhb1 Rhb8 22. Bxd5 Bxd5 23. Kxd5 b5 24. Kc5 Rb7 25. Kc6 Rd7 26. Kxb5
Rb8+ 27. Kxc4 Rc8+ 28. Kb3 a4+ 29. Rxa4 Rb7+ 30. Ka2 Rc2+ 31. Ka1 Rxb1+ 32.
Kxb1 Rxf2 33. Ra2 Rf1+ 34. Kb2 Rd1 35. Kc2 Rd7 36. Ra6 h6 37. h4 Rd5 38. Rd6
Ra5 39. Kd3 Ra2 40. g3 Ra4 41. Rd4 Ra5 42. Kc4 Ra4+ 43. Kb5 Ra1 44. g4 Rc1 45.
g5 hxg5 46. hxg5 Ke6 47. e4 Rf1 48. Rd6+ Ke7 49. Bd2 Rg1 50. Kc6 g6 51. Bb4
Rc1+ 52. Bc5 Ke8 53. e6 fxe6 54. Rxe6+ Kf7 55. Rf6+ Ke8 56. Rf8# 1-0

[Event "15. Bayer Open"]
[Site "Leverkusen"]
[Date "2017.04.03"]
[Round "7.31"]
[White "Kamphausen, Johannes-Dieter"]
[Black "Stuch, Hans-Ferdinand"]
[Result "1-0"]
[WhiteElo "1728"]
[BlackElo "1570"]
[PlyCount "58"]
[EventDate "2017.??.??"]
[WhiteTeam "SV Springer Hitdorf"]
[BlackTeam "SC Bonn Beuel"]

1. e4 e5 2. Nf3 Nf6 3. Nxe5 Nxe4 4. Nf3 Be7 5. d4 O-O 6. Bd3 d5 7. O-O Bg4 8.
c4 Ng5 9. Bxg5 Bxg5 10. h3 Be6 11. cxd5 Bxd5 12. Nc3 Bxf3 13. Qxf3 Nc6 14. Rad1
Bf6 15. Qe4 g6 16. d5 Re8 17. Qa4 Ne5 18. Bb5 Rf8 19. Rfe1 a6 20. Bf1 b5 21.
Qb3 Bg7 22. f4 Nd7 23. Ne4 Qb8 24. Kh2 Qb6 25. Rc1 Rfe8 26. Qd1 Bxb2 27. Rc6
Qa5 28. Re2 f5 29. Rxb2 fxe4 1-0

[Event "15. Bayer Open"]
[Site "Leverkusen"]
[Date "2017.04.03"]
[Round "7.33"]
[White "Witte, Volker"]
[Black "Lasser, Rene"]
[Result "1-0"]
[WhiteElo "1750"]
[BlackElo "1398"]
[PlyCount "55"]
[EventDate "2017.??.??"]
[WhiteTeam "SF Schlebusch"]
[BlackTeam "Königsspringer Leverkusen"]

1. d4 Nf6 2. c4 e5 3. dxe5 Ng4 4. Nf3 Nc6 5. Bf4 Bc5 6. e3 Qe7 7. Be2 Ngxe5 8.
Nxe5 Nxe5 9. O-O d6 10. Nd2 Ng6 11. Bg3 Bd7 12. a3 a6 13. b4 Bb6 14. Bf3 O-O-O
15. Ne4 h5 16. h3 Rh6 17. Rc1 Ne5 18. Nc3 c6 19. b5 g5 20. bxc6 Nxf3+ 21. Qxf3
Bxc6 22. Nd5 Bxd5 23. cxd5+ Kb8 24. Rc4 g4 25. Qf4 Rf6 26. Qg5 gxh3 27. Bh4 h2+
28. Kxh2 1-0

[Event "15. Bayer Open"]
[Site "Leverkusen"]
[Date "2017.04.03"]
[Round "7.36"]
[White "Bosbach, Jens"]
[Black "Longerich, Hans-Peter"]
[Result "1-0"]
[WhiteElo "1853"]
[BlackElo "1402"]
[PlyCount "114"]
[EventDate "2017.??.??"]
[WhiteTeam "Langenfelder SF"]
[BlackTeam "SC Bayer Leverkusen"]

1. d4 d5 2. Nf3 c6 3. e3 Nf6 4. c4 Bf5 5. Nc3 dxc4 6. Bxc4 e6 7. O-O Nbd7 8.
Qe2 h6 9. e4 Bg4 10. h3 Bxf3 11. Qxf3 Nb6 12. Bb3 Qd7 13. Be3 Be7 14. Rfd1 Rd8
15. a4 a5 16. d5 Nbxd5 17. exd5 exd5 18. Bb6 Ra8 19. Re1 O-O 20. Bd4 Rae8 21.
Bc2 Qd6 22. Be5 Qd8 23. Qd3 g6 24. Qd2 Kh7 25. Bf4 Ng8 26. Rad1 Bd6 27. Bxd6
Qxd6 28. Rxe8 Rxe8 29. Re1 Re6 30. Rxe6 Qxe6 31. Nd1 b6 32. Qe3 c5 33. Kf1 Qd7
34. Qe5 d4 35. Bb3 h5 36. f3 Nh6 37. Nf2 Qf5 38. Qe2 Qb1+ 39. Nd1 Nf5 40. Kf2
Ne3 41. Nxe3 dxe3+ 42. Kxe3 Qg1+ 43. Kd2 Qd4+ 44. Kc2 Kg7 45. Qd2 Qh4 46. Kb1
Qe7 47. Ka2 Qc7 48. Qc3+ Kf8 49. Qc4 Kg7 50. g4 hxg4 51. fxg4 Qe7 52. Qd5 Qe8
53. h4 Qe7 54. h5 gxh5 55. gxh5 Qf6 56. h6+ Kxh6 57. Qxf7 Kg5 1-0

[Event "15. Bayer Open"]
[Site "Leverkusen"]
[Date "2017.04.03"]
[Round "7.37"]
[White "Milz, Ulrich"]
[Black "Arnold, Bodo"]
[Result "1/2-1/2"]
[WhiteElo "1458"]
[BlackElo "1623"]
[PlyCount "47"]
[EventDate "2017.??.??"]
[WhiteTeam "SC Bayer Leverkusen"]
[BlackTeam "SF Schlebusch"]

1. e4 d6 2. Bc4 Nf6 3. d3 g6 4. h3 Bg7 5. Nf3 O-O 6. Nc3 a6 7. a3 b5 8. Ba2 c5
9. O-O Be6 10. Bxe6 fxe6 11. Ne2 Nc6 12. Nf4 Qd7 13. c3 Rab8 14. Ng5 Nd8 15.
Be3 h6 16. Nxg6 hxg5 17. Nxf8 Kxf8 18. Bxg5 Nf7 19. Be3 Qc6 20. f4 Ke8 21. Rc1
Kd7 22. b4 c4 23. Bd4 Rg8 24. e5 1/2-1/2